1524 1617 1289 1589 1141 1882 1358 1435 1576 1635 1591 1709 1476 1514 1550 1011 1549 1150 1836 1827 1585 1146 1492 1703 1037 1817 1068 1388 1232 1113 1220 1858 1754 1607 1748 1566 1142 1275 1293 1703 1316 1961 1044 1930 1250 1060 1168 1240 1926 1512 1281 1004 1790 1058 1259 1414 1281 1962 1723 1603 1935 1445 1580 1025 1533 1177 1615 1238 1463 1487 1058 1298 1276 1665 1150 1974 1931 1187 1103 1015 1750 1451 1376 1769 1986 1562 1158 1382 1120 1434 1314 1355 1827 1756 1755 1567 1966 1870 1706 BCNSPRNW ULIB Ver.6.0+V

เปลี่ยนเป็นภาษาไทย

Change to English
 แสดงรายละเอียดบรรณานุกรม
  กลับหน้าหลัก

Brief Record : Get Marc (ISO 2709) : E-mail record : QR code < ปิดหน้าต่าง
LEADER : 00000nam 2200000uu 4500
001    13399125591
003     ULIB
008    170702s2559||||th 000 0 tha d
020    ^a9786164067783
060    ^aWC528^bจ152ล
100    ^aจรวย สุวรรณบำรุง
245    ^aลานสกาโมเดล โมเดลระบบเฝ้าระวังดัชนีลูกน้ำยุงลาย เพื่อแก้ปัญหาโรคไข้เลือดออกอย่างยั่งยืนจากระดับครัวเรือนถึงอำเภอ : กรณีถ่ายทอดเทคโนโลยีสู่ชุมชน/^cจรวย สุวรรณบำรุง
250    ^aพิมพ์ครั้งที่ 2
260    ^aนครศรีธรรมราช :^bก.พลการพิมพ์,^c2559
300    ^a192 หน้า^bภาพประกอบ
650    ^aไข้เลือดออก, โรค
650    ^aโมเดลระบบเฝ้าระวังดัชนีลูกน้ำยุงลาย
945    ^p180^l0^i002524
945    ^p180^l0^i002664
999    ^aทศพร
รายการนี้ยังไม่มีแท็ก
คุณยังไม่ได้ล็อกอิน คุณสามารถมีกิจกรรมร่วมกับเว็บไซต์ได้ แต่ต้องล็อกอินก่อน ::
  ล็อกอิน

รายการสื่อสารสนเทศ

ลำดับที่ ประเภท เลขเรียก/บาร์โค้ด สถานที่ สถานะ
1. วิทยาศาสตร์การแพทย์ และสุขภาพ
หนังสือสำรอง
สถานะ=หนังสือสำรอง
WC528 จ152ล ฉ.1 
  Barcode: 002524
ห้องสมุดวิทยาเขตสวรรค์ประชารักษ์
►หนังสือทั่วไป
บนชั้น
2. วิทยาศาสตร์การแพทย์ และสุขภาพ
วิทยาศาสตร์การแพทย์ และสุขภาพ
WC528 จ152ล ฉ.2 
  Barcode: 002664
ห้องสมุดวิทยาเขตสวรรค์ประชารักษ์
►หนังสือทั่วไป
บนชั้น

รายการใกล้เคียง
    ผู้แต่ง [จรวย สุวรรณบำรุง]

    หัวเรื่อง [ไข้เลือดออก, โรค]
    หัวเรื่อง [โมเดลระบบเฝ้าระวังดัชนีลูกน้ำยุงลาย]

BibComment


ยังไม่เคยถูกคอมเมนท์

คอมเมนท์ทรัพยากรรายการนี้
  คอมเมนท์: ลานสกาโมเดล โมเด..


 Copyright 2026. Bcnsprnw @Library